01524nam a2200253 a 4500001001000000005001700010008004100027041000800068044000700076084002000083100004500103245009500148260003500243300002200278500024300300500033900543500014200882500000901024650005201033650005601085650003401141650004501175740005001220BRCA_274720190320203942.0041208s1898----sp-a---###---#000-0#spa-u aspa asp a235b.S47c18981 aCervantes Saavedra, Miguel ded1547-161610aEl Ingenioso Hidalgo Don Quijote de la Manchaccompuesto por Miguel de Cervantes Saavedra. aBarcelonabFederico Seixc1898 a2 v.bil.c23 cm. aContenido : v 1. Primera parte. Proemio de Asensio. Facsímil de algunos documentos. Tasa. Privilegio. Dedicatoria. Prólogo del autor. Versos preliminares. Texto. -- v 2. Segunda parte. Dedicatoria del autor. Prólogo del autor. Texto aEdición : Lujosa edición con un proemio del Sr. José Ma. Asensio de la Real Academia Española y el facsímil de varios documentos inéditos relativos al autor. Ilustración en cromolitografía de J. Moreno Carbonero y D. L. Barrau cabecera e iniciales policromadas, de diferentes artistas. A. S. M. el Rey Don Alfonso XIII aEjemplar enteramente igual al LO-233. Tela; lomos y planos profusamente decorados con adornos dorados y de otros colores Lúdovik Osterc aQMB314aNovela españolayÉpoca clásica, 1500-170014aLiteratura españolayÉpoca clásica, 1500-170014aNovela españolaySiglo XVII14aDon Quijote (Personaje ficticio)eNovela0 aEl Ingenioso Hidalgo Don Quijote de la Mancha